000
00222nam a22000857a 4500
008
161201b xxu||||| |||| 00| 0 eng d
100
_9
1631
_a
NCERT
245
_a
Environmental studies class - 5
260
_a
New delhi
_b
oxford
_c
1898
999
_c
4345
_d
4345